Megamedia shakeout : the inside story of the leaders and the losers in the exploding communicationsindustry

Bibliographic Details
Main Author: Maney, Kevin
Format: Book
Published: New York : John Wiley & Sons , 1995
Subjects:

MARC

LEADER 00000cam a2200000 7i4500
001 0000007065
002 000007603
005 20000330.0
020 |a 0471107190 
090 0 0 |a 338.47302230973   |b MAN 
100 1 |a Maney, Kevin 
245 1 0 |a Megamedia shakeout :   |b the inside story of the leaders and the losers in the exploding communicationsindustry   |c Kevin Maney 
260 |a New York :   |b John Wiley & Sons ,   |c 1995 
300 |a 358p. ;   |c 25cm. 
650 0 0 |a Corporations, American 
650 0 0 |a Mass media   |x Technological innovations 
650 0 0 |a Mass media   |z United States   |x Finance 
999 |a 051964   |b BUKU   |c PINJAMAN   |e PERPUSTAKAAN KOMUNITI PETALING JAYA